| 000 | 00749cam a2200253 a 4500 | ||
|---|---|---|---|
| 020 | _a9780821376621 | ||
| 020 | _a0821376624 | ||
| 020 | _a9780821376638 (electronic) | ||
| 020 | _a0821376632 (electronic) | ||
| 040 | _cDLC | ||
| 082 | 0 | 0 | _a338 WOR 2009 A068 Co. |
| 245 | 0 | 0 | _aDistortions to agricultural incentives in Asia / |
| 260 |
_aWashington, D.C. : _bWorld Bank, _cc2009. |
||
| 300 |
_axxvii, 573 p. : _bill., map ; _c23 cm. |
||
| 490 | 0 | _aTrade and development | |
| 650 | 0 | _aAgriculture | |
| 650 | 0 | _aAgriculture and state | |
| 650 | 0 | _aAgriculture | |
| 650 | 0 | _aAgricultural subsidies | |
| 700 | 1 | _aAnderson, Kym. | |
| 700 | 1 | _aMartin, Will, | |
| 856 | 4 | 1 | _uhttp://www.loc.gov/catdir/toc/ecip0823/2008029534.html |
| 942 | _cEK | ||
| 999 |
_c14975 _d14975 |
||